Capital Cities by Photos #5 - Statistics

General Stats
  • This quiz has been taken 114 times
  • The average score is 9 of 12
Answer Stats
Picture Answer % Correct
Havana
95%
Taipei
95%
Doha
83%
Bogota
80%
Buenos Aires
80%
Pyongyang
78%
Riga
73%
Vienna
73%
Kathmandu
71%
Rabat
66%
Dublin
61%
Tashkent
59%
No matching quizzes found
Score Distribution
Percent of People with Each Score
Percentile by Number Answered
Your Score History
You have not taken this quiz